Kpop - Trouve le MV - Statistiques

Statistiques générales
  • Ce quiz a été pris 1 289 fois
  • Le résultat moyen est 5 sur 16
Statistiques - réponses
Par images Réponse % Correct
Black Mamba - Aespa
72%
Hwaa - (G)-Idle
69%
Feel Special - Twice
57%
Loco - Itzy
48%
Boca - Dreamcatcher
42%
Red - The Rose
35%
Shadow - Suga
30%
Adios - Everglow
24%
Ko Ko Bop - EXO
22%
Side Effects - Stray Kids
19%
No Diggity - Oneus
16%
Error - VIXX
11%
Blue Flame - Astro
9%
Catch Me - TVXQ
9%
Jungle - CIX
6%
Birthday - Ten
3%
Aucun quiz correspondant
Distribution des résultats
% des personnes avec chaque résultat
Percentile par nombre de réponses
Votre historique - résultats
Vous n’avez pas pris ce quiz